| 000 | 00369nam a2200145Ia 4500 | ||
|---|---|---|---|
| 008 | 230312s9999||||xx |||||||||||||| ||und|| | ||
| 082 |
_a030 _bENC |
||
| 100 | _aUniversity of Punjab | ||
| 245 | 0 | _aUrdu Encyclopaedia of Islam | |
| 260 |
_bPunjab University _aPakistan _c2002 |
||
| 300 | _a783 | ||
| 546 | _aUrdu | ||
| 650 |
_aEngineering _vUrdu Encyclopedia |
||
| 942 | _cBK | ||
| 999 |
_c6826 _d6826 |
||